Statistiques concernant Ligne 10 du métro parisien

Cliquez ici pour prendre le quiz!

Statistiques générales

  • Ce quiz a été pris 28 fois
  • Le résultat moyen est 17 sur 23

Statistiques - réponses

Réponse% Correct
Odéon
94%
Eglise d'Auteuil
88%
Gare d'Austerlitz
88%
Avenue Emile-Zola
81%
Javel - André Citroën
81%
Jussieu
81%
Porte d'Auteuil
81%
Boulogne - Pont de Saint-Cloud
75%
Charles Michels
75%
Boulogne - Jean Jaurès
75%
Duroc
75%
Michel-Ange - Auteuil
75%
Mirabeau
75%
Sèvres - Babylone
75%
Cardinal Lemoine
69%
Cluny - La Sorbonne
69%
Mabillon
69%
Maubert - Mutualité
69%
Michel-Ange - Molitor
69%
Ségur
69%
Vaneau
69%
Chardon Lagache
50%
La Mott-Piquet Grenelle
13%

Distribution des résultats

Percentile par nombre de réponses

% des personnes avec chaque résultat

Votre développement - résultats

Vous n’avez pas pris ce quiz